000 01051nam a2200277Ia 4500
003 OSt
005 20221005105755.0
006 a|||||r|||| 00| 0
007 ta
008 221004b |||||||| |||| 00| 0 hin d
020 _a9788173097065 (pbk)
_c90
024 _a13264
037 _b1137, 20/03/2014, Anamika Publishers & Distributors Pvt. Ltd.
_cTextual
040 _aCRL
_cCRL
_bhin
041 _2hin
_ahin
082 _aV2y7M69, 152Q3
100 _aनेहरू, जवाहरलाल
245 0 _aराष्ट्रपिता
246 _aRāṣhṭrapitā
250 _a8 वॉं संस्करण
260 _aनई दिल्ली
_bसस्ता साहित्य मण्डल प्रकाशन भारत
_c2013
300 _a166पृ0
_ccm.
650 _aविश्व-इतिहास
942 _hV2y7M69, 152Q3
_cTEXL
_2cc
999 _c1016867
_d1016867